| 000 | 00495nam a2200181 4500 | ||
|---|---|---|---|
| 001 | 143344 | ||
| 003 | ES-MaACL | ||
| 005 | 20231228205943.0 | ||
| 007 | t| | ||
| 008 | 070214s1985 sp r ||||1| spa d | ||
| 020 | _a84-01-380-49-9 | ||
| 100 | 1 |
_aSender, Ramón J., _d1901-1982 _9105441 |
|
| 245 | 1 | 0 |
_aToque de queda / _cRamón J. Sender. |
| 260 |
_aBarcelona : _bPlaza & Janés, _c1985. |
||
| 300 |
_a248 p. ; _c19 cm. |
||
| 852 |
_aES-MaACL _jL-8632 _bR.108973 |
||
| 999 |
_c143344 _d143344 |
||